000 00859nam a2200289Ia 4500
003 OSt
005 20220912150110.0
006 a|||||r|||| 00| 0
007 ta
008 220909b |||||||| |||| 00| 0 eng d
020 _a0306250012 (hbd)
024 _a15612
037 _cTextual
040 _aCSL
_beng
_cCSL
041 _aeng
082 _aE:26, L01.1.2
100 _aBockris john O M
245 0 _aModern electrochemistry: an introduction to an interdisciplinary area
260 _aNew York
_b Plenum press
_c1970
300 _axxxii, lxp.
_ccm.
500 _aIndex xxxiii- lxp.
_ccm.; Includes biblographical references
650 _a Electrochemistry
650 _aChemistry
700 _a Reddy Amulya K N
942 _hE:26, L01.1.2
_cTEXL
_2CC
999 _c39623
_d39623